000
00378nam a22001337a 4500
003
SGT
020
_a
978353229580
082
_a
920
_b
M20S
100
_a
सावरकर, विनायक दामोदर
245
_a
मेरा आजीवन कारावास
260
_b
प्रभात प्रकाशन
_c
2020
300
_a
483
942
_2
ddc
_c
BK
999
_c
31295
_d
31295